BIBLIOTHÈQUE DE LA MAISON DU MEXIQUE

Logo 1 Logo 2

Tlalmanalco, historia e iconología del conjunto conventual (notice nᵒ 519)

détails MARC
000 -Sello discográfico
campo de control de longitud fija 00963nam a2200301 4500
005 - Identificación de versión
campo de control 20251016082250.0
010 ## - Número Estándar Internacional de Libros (ISBN)
Número (ISBN) 968-36-0426-9
035 ## - Otros números de control del sistema
Número de control del sistema 18783
099 ## - fechas locales
Tipo de ítem Koha LIBRO
100 ## - Datos de procesamiento general
Datos de procesamiento general 19950830d1988 m y1spay5003 ba
105 ## - Campo de datos codificados: Material textual, monográfico
Datos codificados de monografía a 001zy
200 1# - Título y mención de responsabilidad
Título propio Tlalmanalco, historia e iconología del conjunto conventual
Designación general del material texto impreso
Primer mención de responsabilidad Gustavo Curiel
205 ## - Declaración de edición
Declaración de edición 1a ed
210 ## - Publicación, distribución, etc.
Lugar de publicación, distribución, etc. México
Nombre del editor, distribuidor, etc. Universidad Nacional Autónoma de México, Instituto de Investigaciones Estéticas
Fecha de publicación, distribución, etc. 1988
215 ## - Descripción física
Designación de material específico y extensión del ítem 233 p
Otras características físicas il., fot.
Dimensiones 23 cm
345 ## - Nota de información de adquisición
Fuente de adquisición/dirección de la suscripción [OBSOLETO] Donación de la UNAM
410 #1 - Series
Título Monografías de Arte
Número de volumen 17
606 ## - Término temático usado como materia
Elemento de entrada Arquitectura religiosa
Subdivisión geográfica México (Estado)
Número Koha 1510
660 ## - Código de área geográfica
Código MX
700 ## - Nombre personal - Responsabilidad primaria
Elemento de entrada Curiel Méndez
Parte del nombre distinta del elemento de entrada Gustavo
Fechas 1952-
Número Koha 1511
801 #0 - Fuente de origen
Agencia cm
900 ## -
-- 1/11881
900 ## -
-- 71095790\\\300895
942 ## - ELEMENTOS DE ENTRADA SECUNDARIOS (KOHA)
Tipo de ítem Koha Livre
996 ## -
-- MEX
-- 751145101
-- MMAG
-- 007369
-- 720.972 C975T
-- 20230206LIV
Exemplaires
Estatus retirado Estado de daño Estado de pérdida Fecha de adquisición Biblioteca de origen Biblioteca actual Ubicación en estantería Código de barras Precio de reemplazo Signatura topográfica completa No para préstamo Tipo de ítem Koha Nota pública Nota no pública
      05/08/2025 Casa México Paris Casa México Paris   007369 05/08/2025 720.972 C975T   Livre 20230206LIV 751145101